Statistics for Mystery Person (with Hidden Picture)

Click here to take the quiz!

General Stats

  • This quiz has been taken 445 times
  • The average score is 6 of 10

Answers on the Map

Answers color-coded by a green-red scale on the quiz's map according to % correct below.
Loading ...
 

Answer Stats

ClueAnswer% Correct
U.S. State with the third most populated city in the nationIllinois
77%
Most populated city on the Potomac RiverWashington, D.C.
74%
Bloodiest battle of the American Civil WarGettysburg
69%
U.S. Coin composed of copper-plated zincPenny
68%
U.S. State in which residents are called HoosiersIndiana
66%
Edward Teach was better known as Black…Beard
59%
Mystery PersonAbraham Lincoln
57%
U.S. State where Mammoth Cave is locatedKentucky
51%
Pioneer dwelling or popular brand of maple syrupLog Cabin
33%
Fred Astaire’s famous accessory while dancing to the song “Cheek to Cheek”Top hat
26%

Score Distribution

Percentile by Number Answered

Percent of People with Each Score

Your Score History

You have not taken this quiz